Методическое пособие по вопросам регулирования выбросов и сбросов радиоактивных веществ

Podrobná bibliografie
Korporace: Российская Федерация Федеральная служба по экологическому, технологическому и атомному надзору (570), Научно-технический центр по ядерной и радиационной безопасности
Další autoři: Курындин А. В., Шаповалов А. С., Строганов А. А., Орлов М. Ю., Тимофеев Н. Б.
Shrnutí:Выбросы и сбросы радиоактивных веществ являются одним из ключевых факторов радиационного воздействия объектов использования атомной энергии на население и окружающую среду в условиях их нормальной эксплуатации. Механизмом ограничения этого воздействия, принятым как на уровне международных подходов, так и в законодательстве Российской Федерации, является нормирование, под которым понимается установление регулирующим органом ограничений по активности радиоактивных веществ, выбрасываемых в атмосферный воздух или сбрасываемых в водные объекты (нормативов по выбросам и сбросам). Важную роль в регулировании безопасности при этом также играет контроль за соблюдением установленных нормативов.
Jazyk:ruština
Vydáno: Москва, ФБУ НТЦ ЯРБ, 2023
Vydání:2-е изд., перераб. и доп.
Edice:Труды НТЦ ЯРБ
Témata:
Médium: MixedMaterials Kniha
KOHA link:https://koha.lib.tpu.ru/cgi-bin/koha/opac-detail.pl?biblionumber=674509

MARC

LEADER 00000nam0a2200000 4500
001 674509
005 20241126112448.0
010 |a 978-5-907011-55-7 
090 |a 674509 
100 |a 20240912d2023 k||y0rusy50 ca 
101 0 |a rus 
102 |a RU 
105 |a a z 001yy 
181 0 |a i   |b  e  
182 0 |a n 
183 0 |a nc  |2 RDAcarrier 
200 1 |a Методическое пособие по вопросам регулирования выбросов и сбросов радиоактивных веществ  |f А. В. Курындин, А. С. Шаповалов, А. А. Строганов [и др.]  |g Федеральная служба по экологическому, технологическому и атомному надзору, Научно-технический центр по ядерной и радиационной безопасности 
203 |a Текст  |b визуальный  |c непосредственный 
205 |a 2-е изд., перераб. и доп. 
210 |a Москва  |c ФБУ НТЦ ЯРБ  |d 2023 
215 |a 450 с.  |c ил. 
225 1 |a Труды НТЦ ЯРБ 
283 |a volume  |2 RDAcarrier 
320 |a Список литературы: с. 126-139 
320 |a Список сокращений: с. 7-8 
330 |a Выбросы и сбросы радиоактивных веществ являются одним из ключевых факторов радиационного воздействия объектов использования атомной энергии на население и окружающую среду в условиях их нормальной эксплуатации. Механизмом ограничения этого воздействия, принятым как на уровне международных подходов, так и в законодательстве Российской Федерации, является нормирование, под которым понимается установление регулирующим органом ограничений по активности радиоактивных веществ, выбрасываемых в атмосферный воздух или сбрасываемых в водные объекты (нормативов по выбросам и сбросам). Важную роль в регулировании безопасности при этом также играет контроль за соблюдением установленных нормативов. 
606 1 |a Радиоактивные вещества  |x Допустимые выбросы  |9 47130 
610 1 |a сбросы 
610 1 |a регулирование 
610 1 |a нормирование 
610 1 |a контроль 
675 |a 628.518  |v 4 
701 1 |a Курындин  |b А. В. 
701 1 |a Шаповалов  |b А. С. 
701 1 |a Строганов  |b А. А. 
701 1 |a Орлов  |b М. Ю. 
701 1 |a Тимофеев  |b Н. Б. 
712 0 1 |a Российская Федерация  |b Федеральная служба по экологическому, технологическому и атомному надзору  |c (2004- )  |9 24287 
712 0 2 |a Научно-технический центр по ядерной и радиационной безопасности  |4 570  |9 24893 
801 0 |a RU  |b 63413507  |c 20240912 
942 |c BK